| 000 | 01061cam a2200289 a 4500 | ||
|---|---|---|---|
| 001 | 15835472 | ||
| 003 | OSt | ||
| 005 | 20240222112648.0 | ||
| 008 | 090717s2009 gw a 001 0 eng | ||
| 010 | _a 2009496787 | ||
| 020 | _a9783037680100 | ||
| 040 |
_aDLC _cDLC |
||
| 050 | 0 | 0 |
_aNA2542.35 _b.U34 2009 |
| 082 |
_a720.47 _bUFF |
||
| 100 | 1 |
_aUffelen, Chris van. _9118865 |
|
| 245 | 1 | 0 |
_aEcological achitecture / _cChris van Uffelen ; [translation, Alice Bayandin]. |
| 250 | _a1st ed. | ||
| 260 |
_a[Berlin] : _bBraun, _c2009. |
||
| 300 |
_a439 p. : _bill. (chiefly col.) ; _c31 cm. |
||
| 500 | _aIncludes index. | ||
| 650 | 0 |
_aArchitecture _xEnvironmental aspects _vDesigns and plans. _9121071 |
|
| 650 | 0 |
_aArchitecture, Modern _y21st century _vDesigns and plans. _934345 |
|
| 906 |
_a7 _bcbc _corigres _d3 _encip _f20 _gy-gencatlg |
||
| 942 |
_2ddc _cREF _aSADA _kREF 720.47 UFF 2009 |
||
| 999 |
_c608013 _d608013 |
||